Nahradia reality show reality seriály ?

Dnes sú v programových štruktúrach televízií nosnými licencované formáty, ktorým dominujú reality show. Odhad životnosti formátov. Vývoj vkusu diváka.

Gespeichert in:
Bibliographische Detailangaben
1. Verfasser: Šimlovičová, Ivana
Format: Buchkapitel
Sprache:Slowakisch
Schlagworte:
Tags: Tag hinzufügen
Keine Tags, Fügen Sie das erste Tag hinzu!

MARC

LEADER 00000naa$a2200000$$$4500
001 0028373
005 20231107123257.6
041 0 |a slo 
044 |a SK 
245 1 0 |a Nahradia reality show reality seriály ?  |c Ivana Šimlovičová 
520 |a Dnes sú v programových štruktúrach televízií nosnými licencované formáty, ktorým dominujú reality show. Odhad životnosti formátov. Vývoj vkusu diváka. 
610 2 0 |a televízia 
610 2 0 |a programy 
610 2 0 |a komunikácia masová 
100 1 |a Šimlovičová, Ivana